মানসী ও মর্ম্মবাণী : (Record no. 172007)
[ view plain ]
| 000 -LEADER | |
|---|---|
| fixed length control field | 00888nam a22001697a 4500 |
| 003 - CONTROL NUMBER IDENTIFIER | |
| control field | BD-DhUL |
| 005 - DATE AND TIME OF LATEST TRANSACTION | |
| control field | 20170405105339.0 |
| 008 - FIXED-LENGTH DATA ELEMENTS--GENERAL INFORMATION | |
| fixed length control field | 170403s1927 ii a|||| |||| 000 0 ben |
| 040 ## - CATALOGING SOURCE | |
| Original cataloging agency | BD-DhUL |
| Transcribing agency | BD-DhUL |
| 082 ## - DEWEY DECIMAL CLASSIFICATION NUMBER | |
| Classification number | 050 |
| Item number | MAM |
| 245 00 - TITLE STATEMENT | |
| Title | মানসী ও মর্ম্মবাণী : |
| Remainder of title | সচিত্র মাসিক পত্রিকা, ১৯ শ বর্ষ-২য় খণ্ড, (ভাদ্র-মাঘ) ১৩৩৪ / |
| Statement of responsibility, etc. | সম্পাদক, মহারাজ শ্রীজগদিন্দ্রনাথ রায় ও শ্রীপ্রভাতকুমার মুখোপাধ্যায় |
| 260 ## - PUBLICATION, DISTRIBUTION, ETC. (IMPRINT) | |
| Place of publication, distribution, etc. | কলিকাতা : |
| Name of publisher, distributor, etc. | মানসী প্রেস, |
| Date of publication, distribution, etc. | ১৯২৭. |
| 300 ## - PHYSICAL DESCRIPTION | |
| Extent | খণ্ড : |
| Other physical details | চিত্র ; |
| Dimensions | ২৪ সেমি.। |
| 650 #0 - SUBJECT ADDED ENTRY--TOPICAL TERM | |
| Topical term or geographic name as entry element | সাময়িকী |
| 650 #0 - SUBJECT ADDED ENTRY--TOPICAL TERM | |
| Topical term or geographic name as entry element | Periodicals |
| 942 ## - ADDED ENTRY ELEMENTS (KOHA) | |
| Source of classification or shelving scheme | |
| Koha item type | Reference |
| Price effective from | Date last seen | Permanent Location | Not for loan | Date acquired | Source of classification or shelving scheme | Koha item type | Lost status | Withdrawn status | Copy number | Source of acquisition | Collection code | Damaged status | Shelving location | Barcode | Current Location | Full call number |
|---|---|---|---|---|---|---|---|---|---|---|---|---|---|---|---|---|
| 2017-04-05 | 2017-04-05 | Dhaka University Library | Not For Loan | 2017-04-05 | Reference | 1 | Gift | Reference | Rare Collection | 3820 | Dhaka University Library | 050 MAM |
